La peinture francaise: au XVIII siècle

Wedi'i Gadw mewn:
Manylion Llyfryddiaeth
Prif Awdur: Wildenstein, Georges (Awdur)
Fformat: Llyfr
Iaith:Ffrangeg
Cyhoeddwyd: París Braun 1900
Cyfres:Collection des Maitres
Pynciau:
Tagiau: Ychwanegu Tag
Dim Tagiau, Byddwch y cyntaf i dagio'r cofnod hwn!

MARC

LEADER 00000nam a2200000 a 4500
001 UCT8441
003 CL-VaPUC
008 970326e19000000FR |||||||||||||||||fre|d
082 0 4 |a 759.4  |b WIL  |2 21 
100 0 |a Wildenstein, Georges  |e author  |9 380177 
245 1 3 |a La peinture francaise: au XVIII siècle 
300 |a 60 p 
942 |c BK 
945 |d 19970326 00:00:00  |a rleighto 
260 |a París  |b Braun  |c 1900 
650 7 |a PINTURA FRANCESA SIGLO 18  |2 CL-VaPUC  |9 317880 
650 0 |a Obras de arte  |9 337253 
650 0 |a Pintores   |9 265963 
650 0 |a Colecciones artísticas   |9 348038 
583 |a last modification  |c 20160826 09:38:26  |k Rodrigo Vera 
490 0 |a Collection des Maitres 
999 |c 256938  |d 256936 
952 |0 0  |1 0  |4 0  |6 759_400000000000000_WIL_1900  |7 0  |8 P  |9 280100  |a BIBARQ  |b BIBARQ  |d 2019-11-19  |i 3289656  |o 759.4 WIL 1900  |p 3289656  |r 2025-01-20  |w 2019-11-19  |y BK  |k ARQ 
952 |0 0  |1 0  |4 0  |6 759_400000000000000_WIL_1900  |7 0  |8 X  |9 280101  |a BIBHIS  |b BIBHIS  |d 2019-11-19  |i 1387553  |o 759.4 WIL 1900  |p 1387553  |r 2024-01-30  |w 2019-11-19  |y BK_X  |k HIS